Historia de la conquista de México (Record no. 12096)
[ view plain ]
| 000 -LEADER | |
|---|---|
| campo de control de longitud fija | 01076nam a2200253 i 4500 |
| 001 - NÚMERO DE CONTROL | |
| campo de control | 12096 |
| 003 - IDENTIFICADOR DE NÚMERO DE CONTROL | |
| campo de control | ES-MaACL |
| 005 - FECHA Y HORA DE LA ÚLTIMA TRANSACCIÓN | |
| campo de control | 20250930063033.0 |
| 007 - CAMPO FIJO DE DESCRIPCIÓN FÍSICA--INFORMACIÓN GENERAL | |
| campo de control de longitud fija | t| |
| 008 - DATOS DE LONGITUD FIJA--INFORMACIÓN GENERAL | |
| campo de control de longitud fija | 970408s1992 sp a |||| | spa d |
| 020 ## - NÚMERO INTERNACIONAL ESTÁNDAR DEL LIBRO | |
| Número Internacional Estándar del Libro | 84-87096-06-9 |
| 080 ## - NÚMERO DE LA CLASIFICACIÓN DECIMAL UNIVERSAL | |
| Número de la Clasificación Decimal Universal | 972"1519/21" |
| 100 0# - ENTRADA PRINCIPAL--NOMBRE DE PERSONA | |
| Nombre de persona | Solís, Antonio de, |
| Fechas asociadas al nombre | 1610-1686 |
| 9 (RLIN) | 107210 |
| 245 10 - MENCIÓN DEL TÍTULO | |
| Título | Historia de la conquista de México |
| Resto del título | : población y progresos de la América septentrional, conocida por el nombre de Nueva España / |
| Mención de responsabilidad, etc. | escrivióla Antonio de Solis. |
| 250 ## - MENCION DE EDICION | |
| Mención de edición | Nueva ed. enriquecida con diversas estampas y aum. con la vida del autor que escribió Juan de Goyeneche. |
| 260 ## - PUBLICACIÓN, DISTRIBUCIÓN, ETC. | |
| Lugar de publicación, distribución, etc. | [Salamanca] : |
| Nombre del editor, distribuidor, etc. | Servicio Histórico Militar, |
| Fecha de publicación, distribución, etc. | [1992] |
| 300 ## - DESCRIPCIÓN FÍSICA | |
| Extensión | 604 p. : |
| Otras características físicas | il. ; |
| Dimensiones | 33 cm. |
| 534 ## - NOTA SOBRE LA VERSIÓN ORIGINAL | |
| Frase introductoria | Reprod. de la ed. de: |
| Publicación, distribución, etc. del original | Bruselas : Francisco Foppens, 1704. |
| 651 #4 - PUNTO DE ACCESO ADICIONAL DE MATERIA--NOMBRE GEOGRÁFICO | |
| Nombre geográfico | México- |
| Subdivisión general | Historia- |
| Subdivisión cronológica | 1517-1521, Descubrimiento y conquista. |
| 9 (RLIN) | 136484 |
| 700 1# - ENTRADA AGREGADA--NOMBRE PERSONAL | |
| Nombre de persona | Goyeneche, Juan de, |
| Fechas asociadas al nombre | ca. 1656-1735 |
| 9 (RLIN) | 59413 |
| 710 1# - ENTRADA AGREGADA--NOMBRE DE ENTIDAD CORPORATIVA | |
| Nombre de entidad corporativa o nombre de jurisdicción como elemento de entrada | España. |
| Unidad subordinada | Servicio Histórico Militar. |
| 9 (RLIN) | 3980 |
| 852 ## - LOCALIZACIÓN | |
| Ubicación | ES-MaACL |
| Número de control de estantería | L-19403 |
| Estatus retirado | Estado de pérdida | Estado de daño | No para préstamo | Biblioteca de origen | Biblioteca actual | Ubicación en estantería | Fecha de adquisición | Fuente de adquisición | Total de préstamos | Signatura topográfica completa | Código de barras | Visto por última vez | Precio de reemplazo | Tipo de ítem Koha |
|---|---|---|---|---|---|---|---|---|---|---|---|---|---|---|
| Biblioteca del Ateneo de Madrid | Biblioteca del Ateneo de Madrid | Depósito 2 | 17/01/2008 | L-19403 | 1012325 | 23/02/2023 | 23/02/2023 | Libro impreso |
